| 000 | 00627nam a22001697a 4500 | ||
|---|---|---|---|
| 008 | 160322b xxu||||| |||| 00| 0 eng d | ||
| 020 | _a978-0-415-95796-0 | ||
| 082 |
_22010 _aDC 370.72 _bQ25 |
||
| 245 |
_aQualitative educational research : _breadings in reflexive methodology and transformative practice / _cedited by Wendy Luttrell |
||
| 260 |
_aNew York, NY : _bRoutledge, _cc2010. |
||
| 300 |
_axi, 507 pages ; _c25 cm |
||
| 500 | _aIncludes index. | ||
| 650 | 0 |
_94127 _aEducation _xResearch _zUnited States _xMethodology |
|
| 650 | 0 |
_94128 _aQualitative research _zUnited States |
|
| 365 |
_b3,888.00 _cPhp |
||
| 942 |
_2ddc _cDC |
||
| 999 |
_c1375 _d1375 |
||